[Event "Campeonato de España sub-14 2011"]
[Site "Padron ESP"]
[Date "2011.07.13"]
[Round "3.12"]
[White "Rodriguez Rodriguez, Alvaro"]
[Black "Martin Perez, Laura"]
[Result "0-1"]
[WhiteElo "1782"]
[BlackElo "1946"]
[PlyCount "134"]
[EventDate "2011.07.12"]
[EventType "swiss"]
[EventRounds "9"]
[EventCountry "ESP"]
[Source "lmi"]
[SourceDate "2011.07.12"]

1. e4 c5 2. Nf3 g6 3. d4 cxd4 4. Nxd4 Nc6 5. c4 Nf6 6. Nc3 Nxd4 7. Qxd4 d6 8.
Be3 Bg7 9. Be2 O-O 10. Qd2 Be6 11. O-O Qa5 12. f3 Rfc8 13. b3 a6 14. Rac1 b5
15. Nd5 Qxd2 16. Bxd2 Nxd5 17. cxd5 Bd7 18. Rxc8+ Rxc8 19. Rc1 Bd4+ 20. Kf1
Rxc1+ 21. Bxc1 f5 22. Bd3 Kf7 23. Ke2 Kf6 24. Be3 Be5 25. h3 f4 26. Bf2 g5 27.
Kd2 h5 28. Be2 Bc8 29. Bb6 Kg6 30. Kd3 Bd7 31. Bd4 Kf6 32. b4 e6 33. Bb6 exd5
34. exd5 Bf5+ 35. Kd2 Bb1 36. Bd3 Bxa2 37. Bd8+ Kf7 38. Be4 Bf6 39. Ba5 Bc4 40.
Ke1 Be7 41. Bb6 Bf8 42. Bd8 Be7 43. Bb6 Bf6 44. Ba5 Bc3+ 45. Kf2 Kg7 46. Kg1 g4
47. fxg4 hxg4 48. hxg4 Kf6 49. Bf5 Bxd5 50. Bc8 Bc6 51. Bxa6 d5 52. Bc8 d4 53.
Bf5 Bd5 54. Bc7 Bxb4 55. Bxf4 Bc3 56. Bb1 Bc4 57. g5+ Kg7 58. Be5+ Kg8 59. Kf2
b4 60. Bxd4 Bxd4+ 61. Kf3 Kg7 62. Ke4 Bc3 63. Kf4 b3 64. Ke3 Bf7 65. Kd3 Be5
66. Kd2 Bg6 67. Bxg6 Kxg6 0-1

[Event "Campeonato de España sub-14 2011"]
[Site "Padron ESP"]
[Date "2011.07.13"]
[Round "3.13"]
[White "Garriga Cazorla, Pere"]
[Black "Garcia Martinez, Marcos"]
[Result "1-0"]
[WhiteElo "1931"]
[BlackElo "1757"]
[PlyCount "95"]
[EventDate "2011.07.12"]
[EventType "swiss"]
[EventRounds "9"]
[EventCountry "ESP"]
[Source "lmi"]
[SourceDate "2011.07.12"]

1. d4 e6 2. e4 d5 3. exd5 exd5 4. c4 Bb4+ 5. Nc3 Ne7 6. Bd3 Nbc6 7. Nge2 Be6 8.
cxd5 Nxd5 9. O-O O-O 10. Ne4 Be7 11. a3 a5 12. Qc2 f5 13. Nc5 Bxc5 14. Qxc5 Qe7
15. Qb5 Qd7 16. Bc4 Rfd8 17. Rd1 h6 18. Qb3 a4 19. Qd3 Qf7 20. Bd2 Rd6 21. Bb5
g5 22. f4 g4 23. Be1 Nce7 24. Qc2 c6 25. Qc5 Rd7 26. Bd3 Ne3 27. Rd2 Ng6 28.
Bf2 Nd5 29. g3 h5 30. Re1 h4 31. Qc2 h3 32. Nc1 Nc7 33. Kf1 Ne7 34. Rde2 Bd5
35. Re5 Rf8 36. Qxa4 Nb5 37. Qb4 Nd6 38. Rxe7 Bg2+ 39. Kg1 Rxe7 40. Qxd6 Rxe1+
41. Bxe1 Qe8 42. Bf2 Bd5 43. Ne2 b5 44. Nc3 Bb3 45. Qh6 Rf7 46. Qg6+ Kf8 47. d5
Qe7 48. Qxc6 1-0

[Event "Campeonato de España sub-14 2011"]
[Site "Padron ESP"]
[Date "2011.07.13"]
[Round "3.14"]
[White "Garcia Gracia, Victor Hugo"]
[Black "Pardo Gomez, Jose Ramon"]
[Result "1-0"]
[WhiteElo "1919"]
[BlackElo "1733"]
[PlyCount "141"]
[EventDate "2011.07.12"]
[EventType "swiss"]
[EventRounds "9"]
[EventCountry "ESP"]
[Source "lmi"]
[SourceDate "2011.07.12"]

1. e4 c5 2. Nf3 d6 3. d4 Nf6 4. Nc3 cxd4 5. Nxd4 g6 6. f4 Bg7 7. Be2 O-O 8. Be3
Nc6 9. Nxc6 bxc6 10. O-O d5 11. e5 Nd7 12. Qd2 e6 13. Na4 Qe7 14. Qc3 Bb7 15.
Nc5 Nb6 16. a4 Qc7 17. a5 Nd7 18. Nxd7 Qxd7 19. a6 Bc8 20. Bd4 Qc7 21. Ra3 Bd7
22. Rf3 Rfc8 23. Bc5 Bf8 24. Rb3 Rab8 25. Bxf8 Rxf8 26. Qc5 Rb6 27. Rxb6 Qxb6
28. Qxb6 axb6 29. c4 Ra8 30. Ra3 dxc4 31. Bxc4 Ra7 32. b4 b5 33. Be2 Kf8 34.
Kf2 Ke7 35. Bf3 Kd8 36. Ke3 Kc7 37. Kd4 Kb6 38. g4 Bc8 39. Ke3 Rxa6 40. Rxa6+
Bxa6 41. Kd4 Bb7 42. Be4 Bc8 43. Bc2 Bd7 44. Bb1 Bc8 45. Ba2 Bd7 46. f5 Bc8 47.
f6 Bd7 48. h4 Be8 49. h5 gxh5 50. gxh5 h6 51. Bb1 Bd7 52. Bh7 Be8 53. Bg8 Kb7
54. Kc5 Kc7 55. Bh7 Bd7 56. Bd3 Be8 57. Be4 Bd7 58. Bh7 Be8 59. Bg8 Kc8 60. Kd6
Kd8 61. Bh7 c5 62. Kxc5 Kc7 63. Bd3 Bc6 64. Be2 Be4 65. Kxb5 Bc6+ 66. Kc5 Bd5
67. b5 Be4 68. b6+ Kd7 69. Bb5+ Kd8 70. Bc6 Bd3 71. Be8 1-0

[Event "Campeonato de España sub-14 2011"]
[Site "Padron ESP"]
[Date "2011.07.14"]
[Round "4.1"]
[White "Shen, Yue"]
[Black "Fernandez, Gil Ruben C"]
[Result "1-0"]
[WhiteElo "2053"]
[BlackElo "1847"]
[PlyCount "65"]
[EventDate "2011.07.12"]
[EventType "swiss"]
[EventRounds "9"]
[EventCountry "ESP"]
[Source "lmi"]
[SourceDate "2011.07.12"]

1. d4 Nf6 2. c4 c5 3. d5 e6 4. Nc3 exd5 5. cxd5 d6 6. e4 g6 7. h3 Bg7 8. Nf3
O-O 9. Bd3 Na6 10. O-O Nc7 11. a4 Rb8 12. Bf4 a6 13. Bc2 b5 14. e5 Nfe8 15. Ne4
dxe5 16. Bxe5 Bxe5 17. Nxe5 Qxd5 18. Qxd5 Nxd5 19. Nxc5 Nef6 20. a5 Nb4 21. Bb3
Ra8 22. Rfd1 Bf5 23. Rac1 Rae8 24. f4 Be6 25. Bxe6 fxe6 26. Rd4 Nfd5 27. Ncd7
Rf5 28. g4 Rxf4 29. Rxf4 Nxf4 30. Nf6+ Kf8 31. Rc7 Re7 32. Nxh7+ Ke8 33. Rc8#
1-0

[Event "Campeonato de España sub-14 2011"]
[Site "Padron ESP"]
[Date "2011.07.14"]
[Round "4.2"]
[White "Abal Cores, Lucas"]
[Black "Buendia Pinar, Alvaro"]
[Result "0-1"]
[WhiteElo "1815"]
[BlackElo "1941"]
[PlyCount "156"]
[EventDate "2011.07.12"]
[EventType "swiss"]
[EventRounds "9"]
[EventCountry "ESP"]
[Source "lmi"]
[SourceDate "2011.07.12"]

1. e4 c6 2. d4 d5 3. exd5 cxd5 4. c4 Nc6 5. c5 Nf6 6. Nc3 g6 7. h3 Bg7 8. Nf3
O-O 9. Bb5 Ne4 10. O-O Nxc3 11. bxc3 Qa5 12. Qa4 Qc7 13. Re1 Bd7 14. Rb1 a6 15.
Bxc6 Bxc6 16. Qb3 Rfe8 17. Qb6 Qd7 18. Bg5 f6 19. Bf4 Qf5 20. Bg3 e5 21. Qb3
Kh8 22. Rbd1 e4 23. Nd2 Bh6 24. Nf1 Bb5 25. Ne3 Bxe3 26. Rxe3 Qd7 27. Rb1 Qf7
28. a4 Bc6 29. Rbe1 Qd7 30. Rb1 Qf7 31. f3 exf3 32. Rxf3 Re6 33. Rbf1 Qg7 34.
c4 Rd8 35. Qb6 Rde8 36. Qb4 dxc4 37. R3f2 Bd5 38. Qd2 Kg8 39. Bd6 h5 40. Qf4 g5
41. Qd2 Qg6 42. Qc2 Qxc2 43. Rxc2 Re2 44. Rf2 Rxc2 45. Rxc2 Re4 46. Rd2 c3 47.
Rc2 Re3 48. Kf2 Rd3 49. Ke2 Bc4 50. Ke1 Bb3 51. c6 bxc6 52. Rc1 c2 53. Ba3 Rxd4
54. Bb2 Rd1+ 55. Ke2 Rxc1 56. Bxc1 Bxa4 57. g3 Kf7 58. Kd3 Ke6 59. Ke4 Bb5 60.
Kd4 Kf5 61. Bb2 Bf1 62. Kc3 c1=Q+ 63. Bxc1 Bxh3 64. Ba3 Kg4 65. Bd6 f5 66. Kd3
f4 67. gxf4 gxf4 68. Ke2 Bg2 69. Kf2 Bd5 70. Bb4 h4 71. Kg1 Kf3 72. Be7 Kg3 73.
Bc5 h3 74. Bf2+ Kf3 75. Bb6 Ke2 76. Ba7 f3 77. Bb6 h2+ 78. Kxh2 f2 0-1

[Event "Campeonato de España sub-14 2011"]
[Site "Padron ESP"]
[Date "2011.07.14"]
[Round "4.3"]
[White "Perez Barreto, Adrian"]
[Black "Jimenez, Peñafiel Gustavo"]
[Result "1-0"]
[WhiteElo "1934"]
[BlackElo "1783"]
[PlyCount "63"]
[EventDate "2011.07.12"]
[EventType "swiss"]
[EventRounds "9"]
[EventCountry "ESP"]
[Source "lmi"]
[SourceDate "2011.07.12"]

1. d4 d5 2. c4 e6 3. Nc3 Nf6 4. cxd5 exd5 5. Bg5 c6 6. Qc2 Nbd7 7. e3 Be7 8.
Bd3 O-O 9. Nf3 Re8 10. h3 Nf8 11. Bf4 Bd6 12. Bxd6 Qxd6 13. O-O-O Be6 14. Kb1
Rac8 15. Rc1 b6 16. g4 N6d7 17. Nh4 c5 18. Ba6 Rcd8 19. f4 Nb8 20. Bb5 Bd7 21.
Bxd7 Nbxd7 22. Nf5 Qc6 23. e4 Nf6 24. e5 N6d7 25. Nd6 Re6 26. f5 Re7 27. Qg2
Nb8 28. Nxd5 Red7 29. Rc4 Kh8 30. dxc5 bxc5 31. Rhc1 Na6 32. Ne7 1-0

[Event "Campeonato de España sub-14 2011"]
[Site "Padron ESP"]
[Date "2011.07.14"]
[Round "4.4"]
[White "Garrido Piriz, Pablo"]
[Black "Ananian, Arman"]
[Result "1-0"]
[WhiteElo "1795"]
[BlackElo "1847"]
[PlyCount "89"]
[EventDate "2011.07.12"]
[EventType "swiss"]
[EventRounds "9"]
[EventCountry "ESP"]
[Source "lmi"]
[SourceDate "2011.07.12"]

1. e4 c5 2. Nf3 e6 3. d4 cxd4 4. Nxd4 Nf6 5. Nc3 d6 6. Be3 Be7 7. f3 a6 8. Qd2
b5 9. g4 h6 10. O-O-O Bb7 11. Kb1 Nc6 12. h4 b4 13. Nce2 d5 14. Nxc6 Bxc6 15.
e5 Nxg4 16. Bd4 Bxh4 17. fxg4 Bg5 18. Qd3 a5 19. Bg2 Qd7 20. Be3 Bb5 21. Qd2
Be7 22. Nd4 Ba6 23. g5 O-O-O 24. g6 f5 25. exf6 gxf6 26. Bxh6 Kb8 27. Rde1 e5
28. Bh3 Qb7 29. Nf5 Bc5 30. Bg7 Rhe8 31. Bxf6 e4 32. Bxd8 Rxd8 33. Rxe4 b3 34.
axb3 d4 35. Bg2 Qb6 36. Qf4+ Kc8 37. Qg4 Kb8 38. g7 Rg8 39. Rh8 Qd8 40. Rxg8
Qxg8 41. Re8+ Qxe8 42. g8=Q Bb5 43. Qxe8+ Bxe8 44. Qf4+ Kc8 45. Qe5 1-0

[Event "Campeonato de España sub-14 2011"]
[Site "Padron ESP"]
[Date "2011.07.14"]
[Round "4.5"]
[White "Cervello Tost, Ferran"]
[Black "Nicolas Zapata, Irene"]
[Result "0-1"]
[WhiteElo "1880"]
[BlackElo "2117"]
[PlyCount "72"]
[EventDate "2011.07.12"]
[EventType "swiss"]
[EventRounds "9"]
[EventCountry "ESP"]
[Source "lmi"]
[SourceDate "2011.07.12"]

1. d4 Nf6 2. Nf3 e6 3. g3 d5 4. Bg2 Be7 5. O-O O-O 6. Nbd2 b6 7. c4 Bb7 8. b3
Nbd7 9. Bb2 c5 10. Rc1 Rc8 11. Re1 Re8 12. e3 Rc7 13. Nb1 Qa8 14. Nc3 dxc4 15.
Nb5 Rcc8 16. bxc4 a6 17. Na3 Rc7 18. Qe2 Rec8 19. Nb1 Ne4 20. Red1 cxd4 21.
exd4 b5 22. c5 e5 23. dxe5 Bxc5 24. Rxc5 Ndxc5 25. Nbd2 Na4 26. Nxe4 Bxe4 27.
Nh4 Bxg2 28. Nxg2 Rc2 29. Rd2 Rxd2 30. Qxd2 Nxb2 31. Qxb2 Qc6 32. Qe2 Qc2 33.
Qe3 Qc1+ 34. Ne1 Qxe3 35. fxe3 Rc1 36. Kf2 Ra1 0-1

[Event "Campeonato de España sub-14 2011"]
[Site "Padron ESP"]
[Date "2011.07.14"]
[Round "4.6"]
[White "Garcia-Castany, Musellas Gal.La"]
[Black "Capote Robayna, Johanna"]
[Result "1-0"]
[WhiteElo "1980"]
[BlackElo "1807"]
[PlyCount "57"]
[EventDate "2011.07.12"]
[EventType "swiss"]
[EventRounds "9"]
[EventCountry "ESP"]
[Source "lmi"]
[SourceDate "2011.07.12"]

1. e4 c5 2. Nf3 Nc6 3. d4 cxd4 4. Nxd4 g6 5. Nc3 Bg7 6. Be3 Nf6 7. Bc4 O-O 8.
Bb3 d6 9. f3 Bd7 10. Qd2 Nxd4 11. Bxd4 b5 12. h4 a5 13. a4 bxa4 14. Nxa4 Be6
15. Nb6 Ra6 16. Nd5 Bxd5 17. exd5 Qc7 18. Ra4 Nd7 19. Bxg7 Kxg7 20. h5 f6 21.
hxg6 hxg6 22. Rah4 Kf7 23. Rh7+ Ke8 24. Qe2 Nc5 25. Ba4+ Nxa4 26. Qb5+ Qd7 27.
Rxe7+ Kxe7 28. Rh7+ Rf7 29. Rxf7+ 1-0

[Event "Campeonato de España sub-14 2011"]
[Site "Padron ESP"]
[Date "2011.07.14"]
[Round "4.7"]
[White "Martin Perez, Laura"]
[Black "Alvarez Nistal, David"]
[Result "1-0"]
[WhiteElo "1946"]
[BlackElo "1796"]
[PlyCount "73"]
[EventDate "2011.07.12"]
[EventType "swiss"]
[EventRounds "9"]
[EventCountry "ESP"]
[Source "lmi"]
[SourceDate "2011.07.12"]

1. e4 c5 2. Nf3 Nc6 3. d4 cxd4 4. Nxd4 g6 5. Bc4 Bg7 6. Nb3 Nf6 7. Nc3 O-O 8.
O-O d6 9. Re1 b6 10. Nd5 Nxd5 11. exd5 Ne5 12. Bf1 Bb7 13. Bg5 Re8 14. c3 a6
15. f4 Nd7 16. Be2 b5 17. Bf3 b4 18. cxb4 Bxb2 19. Rb1 Bc3 20. Re4 Nb6 21. Qd3
Rc8 22. Rc1 Nxd5 23. Rc4 Rxc4 24. Qxc4 Qb6+ 25. Kh1 Rc8 26. Nc5 dxc5 27. Bxd5
Bxd5 28. Qxc3 f6 29. Bh4 Qc6 30. Qd2 c4 31. Be1 c3 32. Rxc3 Qxc3 33. Qxd5+ Kg7
34. Bxc3 Rxc3 35. h3 Rc1+ 36. Kh2 Rb1 37. Qb7 1-0

[Event "Campeonato de España sub-14 2011"]
[Site "Padron ESP"]
[Date "2011.07.14"]
[Round "4.8"]
[White "Ligero Martinez, Jesus"]
[Black "Garriga Cazorla, Pere"]
[Result "1-0"]
[WhiteElo "1801"]
[BlackElo "1931"]
[PlyCount "49"]
[EventDate "2011.07.12"]
[EventType "swiss"]
[EventRounds "9"]
[EventCountry "ESP"]
[Source "lmi"]
[SourceDate "2011.07.12"]

1. e4 c5 2. Nf3 Nc6 3. d4 cxd4 4. Nxd4 g6 5. Nc3 Bg7 6. Be3 Nf6 7. Bc4 O-O 8.
Bb3 d6 9. f3 Bd7 10. Qd2 Na5 11. Bh6 Nxb3 12. axb3 Bxh6 13. Qxh6 Qb6 14. O-O-O
a5 15. h4 Qc5 16. g4 Kh8 17. h5 g5 18. Nd5 Nxd5 19. exd5 f6 20. Rhe1 Rf7 21.
Rxe7 Raf8 22. Rxd7 Qxd5 23. Re1 Kg8 24. Rxf7 Qxf7 25. Nf5 1-0

[Event "Campeonato de España sub-14 2011"]
[Site "Padron ESP"]
[Date "2011.07.14"]
[Round "4.9"]
[White "Portela Peleteiro, Alberto"]
[Black "Garcia Gracia, Victor Hugo"]
[Result "0-1"]
[WhiteElo "1681"]
[BlackElo "1919"]
[PlyCount "92"]
[EventDate "2011.07.12"]
[EventType "swiss"]
[EventRounds "9"]
[EventCountry "ESP"]
[Source "lmi"]
[SourceDate "2011.07.12"]

1. e4 e6 2. d4 d5 3. e5 c5 4. c3 Qb6 5. Nf3 Bd7 6. a3 cxd4 7. cxd4 Bb5 8. Bxb5+
Qxb5 9. Nc3 Qa6 10. Qe2 Bb4 11. Bd2 Bxc3 12. Bxc3 Ne7 13. Bb4 Qxe2+ 14. Kxe2
Nbc6 15. Bxe7 Kxe7 16. b4 Rac8 17. Rac1 a6 18. Kd3 Na7 19. Nd2 f6 20. Nb3 fxe5
21. dxe5 Rhf8 22. Ke3 b6 23. f4 Nb5 24. a4 Nc3 25. a5 Na2 26. Rxc8 Rxc8 27. Nd4
Rc3+ 28. Kd2 Rc4 29. Ke3 b5 30. Rb1 Kd7 31. f5 exf5 32. e6+ Kd6 33. Rb2 Nc3 34.
Rd2 g6 35. g3 Ne4 36. Rd1 Nf6 37. h3 Rc3+ 38. Rd3 Rxd3+ 39. Kxd3 Ne4 40. g4
fxg4 41. hxg4 Nf2+ 42. Ke2 Nxg4 43. e7 Kxe7 44. Nc6+ Kd6 45. Nb8 Ne5 46. Nxa6
Nc6 0-1

[Event "Campeonato de España sub-14 2011"]
[Site "Padron ESP"]
[Date "2011.07.14"]
[Round "4.10"]
[White "Forsberg Conde, Martin"]
[Black "Martin Prior, Francisco Jose"]
[Result "0-1"]
[WhiteElo "2076"]
[BlackElo "1776"]
[PlyCount "96"]
[EventDate "2011.07.12"]
[EventType "swiss"]
[EventRounds "9"]
[EventCountry "ESP"]
[Source "lmi"]
[SourceDate "2011.07.12"]

1. e4 c5 2. Nf3 e6 3. d4 cxd4 4. Nxd4 Nf6 5. Nc3 d6 6. Bg5 Be7 7. Qd2 a6 8. f3
O-O 9. O-O-O b5 10. h4 Bb7 11. Nb3 Nbd7 12. Bf4 Ne5 13. Qf2 Qc7 14. Bxe5 dxe5
15. Bd3 Rfc8 16. g4 b4 17. Na4 Nd7 18. Bf1 Bc6 19. Rxd7 Bxd7 20. Nb6 a5 21.
Nxc8 Rxc8 22. Kb1 a4 23. Nc1 a3 24. Nd3 axb2 25. Nxb2 Bc5 26. Qe2 Bd4 27. Qc4
Qb8 28. Qa6 Rc6 29. Qa4 Bxb2 30. Kxb2 b3 31. cxb3 Rc2+ 32. Kxc2 Bxa4 33. bxa4
Qa7 34. Rh2 Qxa4+ 35. Kc3 Qa3+ 36. Kc4 Qa6+ 37. Kb4 Qxf1 38. Rc2 Qb1+ 39. Kc3
h6 40. Rb2 Qc1+ 41. Kb3 Qe3+ 42. Kb4 Qxf3 43. a4 Qxe4+ 44. Ka5 Qa8+ 45. Kb4 e4
46. a5 e3 47. g5 Qb7+ 48. Ka3 Qxb2+ 0-1

[Event "Campeonato de España sub-14 2011"]
[Site "Padron ESP"]
[Date "2011.07.14"]
[Round "4.11"]
[White "Fernandez Cano, Victor"]
[Black "Navarrete Espi, Samuel"]
[Result "0-1"]
[WhiteElo "1766"]
[BlackElo "2169"]
[PlyCount "48"]
[EventDate "2011.07.12"]
[EventType "swiss"]
[EventRounds "9"]
[EventCountry "ESP"]
[Source "lmi"]
[SourceDate "2011.07.12"]

1. d4 Nf6 2. c4 g6 3. Nc3 Bg7 4. e4 d6 5. Nf3 O-O 6. Be2 Bg4 7. O-O Nc6 8. Be3
Nd7 9. h3 Bxf3 10. Bxf3 e5 11. d5 Nd4 12. Be2 f5 13. f3 Nf6 14. Bxd4 exd4 15.
Nb5 d3 16. Qxd3 Nh5 17. Rab1 Nf4 18. Qc2 Qg5 19. Bd3 Nxh3+ 20. Kh2 Be5+ 21. Kh1
Nf4 22. Rbd1 Qh4+ 23. Kg1 Ne2+ 24. Qxe2 Bh2+ 0-1

[Event "Campeonato de España sub-14 2011"]
[Site "Padron ESP"]
[Date "2011.07.14"]
[Round "4.12"]
[White "Vilanova Olmedo, Ignaci"]
[Black "Rubio Tent, Francisco"]
[Result "1/2-1/2"]
[WhiteElo "1762"]
[BlackElo "2063"]
[PlyCount "104"]
[EventDate "2011.07.12"]
[EventType "swiss"]
[EventRounds "9"]
[EventCountry "ESP"]
[Source "lmi"]
[SourceDate "2011.07.12"]

1. e4 c5 2. Nf3 Nc6 3. d4 cxd4 4. Nxd4 e5 5. Nb5 d6 6. N1c3 a6 7. Na3 Be7 8.
Bd3 Nf6 9. O-O O-O 10. Nd5 Nxd5 11. exd5 Nd4 12. c4 g6 13. Nc2 Nxc2 14. Qxc2 f5
15. f3 Bf6 16. Bd2 b5 17. cxb5 Qb6+ 18. Kh1 axb5 19. Qc6 Qxc6 20. dxc6 Rb8 21.
Bb4 Be7 22. Rfd1 Rf6 23. Bc2 Rb6 24. Rac1 Kf8 25. f4 Rxc6 26. Bb3 Rxc1 27. Rxc1
Be6 28. fxe5 dxe5 29. Bxe6 Rxe6 30. Bxe7+ Rxe7 31. Rc5 e4 32. Kg1 Rb7 33. Kf2
Ke7 34. Ke3 Kf6 35. g3 Ke6 36. Rc3 Rd7 37. Rb3 Rd5 38. Rc3 Ke5 39. Rc8 Rd3+ 40.
Ke2 Rd6 41. Rc5+ Rd5 42. Rc8 g5 43. Re8+ Kd4 44. Rf8 e3 45. h3 Ke4 46. Re8+ Re5
47. Rxe5+ Kxe5 48. Kxe3 Kd5 49. Kd3 h5 50. a3 Kc5 51. b3 Kd5 52. Ke3 Ke5
1/2-1/2

[Event "Campeonato de España sub-14 2011"]
[Site "Padron ESP"]
[Date "2011.07.14"]
[Round "4.13"]
[White "Bernabeu Lopez, Carlos Javier"]
[Black "Ventura Bolet, Maxim"]
[Result "0-1"]
[WhiteElo "1760"]
[BlackElo "1987"]
[PlyCount "52"]
[EventDate "2011.07.12"]
[EventType "swiss"]
[EventRounds "9"]
[EventCountry "ESP"]
[Source "lmi"]
[SourceDate "2011.07.12"]

1. e4 c5 2. Nf3 e6 3. d4 cxd4 4. Nxd4 a6 5. Nc3 Qc7 6. Be2 Nf6 7. a3 b5 8. f3
Nc6 9. Nxc6 dxc6 10. Be3 Bb7 11. O-O c5 12. Qe1 Bd6 13. g3 h5 14. Qf2 Rc8 15.
Rad1 Be5 16. Rfe1 h4 17. g4 Bf4 18. Bxb5+ axb5 19. Nxb5 Qb6 20. a4 Bxe3 21.
Rxe3 Rd8 22. Rxd8+ Kxd8 23. Rd3+ Ke7 24. Rd6 Qa5 25. Qxc5 Qe1+ 26. Kg2 h3# 0-1

[Event "Campeonato de España sub-14 2011"]
[Site "Padron ESP"]
[Date "2011.07.14"]
[Round "4.14"]
[White "Prado Acebo, Ines"]
[Black "Bru Rullo, Llatzer"]
[Result "1-0"]
[WhiteElo "1694"]
[BlackElo "1971"]
[PlyCount "109"]
[EventDate "2011.07.12"]
[EventType "swiss"]
[EventRounds "9"]
[EventCountry "ESP"]
[Source "lmi"]
[SourceDate "2011.07.12"]

1. d4 d5 2. c4 e6 3. Nc3 Nf6 4. cxd5 exd5 5. Bg5 Nbd7 6. e3 c6 7. Bd3 Be7 8.
Nge2 Nh5 9. Bxe7 Qxe7 10. g4 Nhf6 11. Ng3 h6 12. Nf5 Qf8 13. Qe2 Nb6 14. h3 Bd7
15. a4 Nc8 16. e4 Bxf5 17. gxf5 dxe4 18. f3 e3 19. Qxe3+ Qe7 20. Ne4 Nd5 21.
Qd2 Qb4 22. Qxb4 Nxb4 23. Bb1 Nd5 24. Ra3 Kd7 25. Rg1 Rg8 26. Kf2 Nce7 27. Nc5+
Kc7 28. Re1 b6 29. Nb3 Kd6 30. Nd2 Kc7 31. Nc4 Rae8 32. Ne5 f6 33. Ng4 Kd7 34.
Be4 Nf4 35. Kg3 Ned5 36. Raa1 Rh8 37. a5 Ra8 38. Ne3 Kd6 39. Nc4+ Kc7 40. Rac1
Rhe8 41. b4 b5 42. Ne3 Kd6 43. Rc5 Nxe3 44. Rxc6+ Kd7 45. Rxe3 Nd5 46. Bxd5
Rxe3 47. Re6 Re8 48. Bc6+ Kd8 49. Rxe8+ Rxe8 50. Bxe8 Kxe8 51. Kg4 Kd7 52. Kh5
Kd6 53. Kg6 Kd5 54. Kxg7 Kxd4 55. Kxf6 1-0

[Event "Campeonato de España sub-14 2011"]
[Site "Padron ESP"]
[Date "2011.07.14"]
[Round "4.15"]
[White "Marchena Hurtado, Javier"]
[Black "Gonzalez Santamartina, Jorge"]
[Result "0-1"]
[WhiteElo "1961"]
[BlackElo "1733"]
[PlyCount "62"]
[EventDate "2011.07.12"]
[EventType "swiss"]
[EventRounds "9"]
[EventCountry "ESP"]
[Source "lmi"]
[SourceDate "2011.07.12"]

1. e4 e5 2. Nf3 Nc6 3. Bc4 Bc5 4. d3 Nf6 5. O-O d6 6. c3 O-O 7. Nbd2 Ne7 8. d4
exd4 9. cxd4 Bb6 10. e5 dxe5 11. dxe5 Nfd5 12. Ne4 h6 13. Bd2 Be6 14. Qb3 Ng6
15. Rad1 c6 16. Bb4 Re8 17. Nc3 Ngf4 18. g3 Bg4 19. gxf4 Bxf3 20. Rd3 Nxf4 21.
Bxf7+ Kh8 22. Rxf3 Rxe5 23. Kh1 Qg5 24. Rg1 Re1 25. Rfg3 Rxg1+ 26. Kxg1 Qe5 27.
Qd1 Rd8 28. Qf1 a5 29. Ba3 Rd2 30. Bf8 Rxf2 31. Qxf2 Qe1# 0-1

[Event "Campeonato de España sub-14 2011"]
[Site "Padron ESP"]
[Date "2011.07.14"]
[Round "4.16"]
[White "Alonso Gorrin, Javier"]
[Black "Ponce Cano, Adrian"]
[Result "1-0"]
[WhiteElo "1920"]
[BlackElo "1748"]
[PlyCount "51"]
[EventDate "2011.07.12"]
[EventType "swiss"]
[EventRounds "9"]
[EventCountry "ESP"]
[Source "lmi"]
[SourceDate "2011.07.12"]

1. e4 c5 2. Nf3 Nc6 3. d4 cxd4 4. Nxd4 e5 5. Nb5 a6 6. Nd6+ Bxd6 7. Qxd6 Qf6 8.
Qd1 Qg6 9. Nc3 d5 10. Nxd5 Qxe4+ 11. Be3 Nd4 12. Nc7+ Ke7 13. Qd3 Nxc2+ 14. Kd2
Bf5 15. Bc5+ Kf6 16. Qd6+ Be6 17. Bd3 Qxg2 18. Rhg1 Qf3 19. Rg3 Qc6 20. Qxc6
bxc6 21. Kxc2 Rc8 22. Rf3+ Kg5 23. Nxe6+ fxe6 24. Be3+ Kh4 25. Rg1 Nf6 26. Bg5+
1-0

[Event "Campeonato de España sub-14 2011"]
[Site "Padron ESP"]
[Date "2011.07.14"]
[Round "5.1"]
[White "Perez Barreto, Adrian"]
[Black "Shen, Yue"]
[Result "1/2-1/2"]
[WhiteElo "1934"]
[BlackElo "2053"]
[PlyCount "103"]
[EventDate "2011.07.12"]
[EventType "swiss"]
[EventRounds "9"]
[EventCountry "ESP"]
[Source "lmi"]
[SourceDate "2011.07.12"]

1. d4 Nf6 2. c4 g6 3. Nc3 Bg7 4. e4 d6 5. Nf3 O-O 6. Be2 e5 7. O-O Nc6 8. d5
Ne7 9. b4 Nh5 10. Re1 f5 11. Ng5 Nf4 12. Bxf4 exf4 13. Rc1 fxe4 14. Ncxe4 h6
15. Ne6 Bxe6 16. dxe6 a5 17. b5 b6 18. Nc3 Bxc3 19. Rxc3 Rf6 20. Bf3 Rb8 21.
Bd5 Qf8 22. Re4 Qg7 23. Re1 Rbf8 24. Bf3 Rf5 25. Rc2 Re5 26. Rce2 Rxe2 27. Rxe2
Rf5 28. Qe1 Re5 29. Rxe5 Qxe5 30. Qxe5 dxe5 31. Kf1 Kg7 32. Ke2 Kf6 33. Bd5 Nf5
34. Kd3 Nd4 35. Ke4 Nxe6 36. Ba8 g5 37. h3 Nd8 38. Kd5 h5 39. f3 g4 40. hxg4
hxg4 41. fxg4 Ne6 42. Ke4 Ng5+ 43. Kd3 Nf7 44. Ke4 Nd6+ 45. Kd5 e4 46. Kd4 e3
47. Bf3 Ke6 48. Bd5+ Kf6 49. Bf3 a4 50. Kd5 a3 51. Bd1 Kg5 52. Be2 1/2-1/2

[Event "Campeonato de España sub-14 2011"]
[Site "Padron ESP"]
[Date "2011.07.14"]
[Round "5.2"]
[White "Buendia Pinar, Alvaro"]
[Black "Garrido Piriz, Pablo"]
[Result "1/2-1/2"]
[WhiteElo "1941"]
[BlackElo "1795"]
[PlyCount "104"]
[EventDate "2011.07.12"]
[EventType "swiss"]
[EventRounds "9"]
[EventCountry "ESP"]
[Source "lmi"]
[SourceDate "2011.07.12"]

1. d4 Nf6 2. c4 g6 3. Nc3 Bg7 4. e4 d6 5. Nf3 O-O 6. h3 e5 7. d5 Nh5 8. g4 Nf4
9. Rg1 Na6 10. Be3 Kh8 11. Bxf4 exf4 12. Qd2 Nc5 13. O-O-O Qf6 14. Bd3 Bd7 15.
Bc2 Rae8 16. Rge1 h6 17. Qd4 Qxd4 18. Nxd4 a5 19. f3 Re7 20. Nde2 Be5 21. Kd2
Kg7 22. Rg1 f6 23. h4 Kh7 24. Ke1 Rg8 25. Kf2 h5 26. gxh5 gxh5 27. b3 Reg7 28.
Rxg7+ Rxg7 29. Rg1 Rxg1 30. Kxg1 Bc8 31. Nb5 c6 32. Nbd4 Bd7 33. Kf2 Kg6 34.
Ke1 Na6 35. a3 c5 36. Nf5 b5 37. Bd3 b4 38. a4 Nc7 39. Nxd6 Bxd6 40. e5+ Kh6
41. exd6 Ne8 42. Nxf4 Nxd6 43. Bg6 f5 44. Nd3 Bxa4 45. bxa4 Kxg6 46. Nxc5 Nxc4
47. Nb3 f4 48. Ke2 Kf5 49. Kd3 Ne5+ 50. Ke2 Nc4 51. Kd3 Ne5+ 52. Ke2 Nc4
1/2-1/2

[Event "Campeonato de España sub-14 2011"]
[Site "Padron ESP"]
[Date "2011.07.14"]
[Round "5.3"]
[White "Nicolas Zapata, Irene"]
[Black "Ligero Martinez, Jesus"]
[Result "1-0"]
[WhiteElo "2117"]
[BlackElo "1801"]
[PlyCount "41"]
[EventDate "2011.07.12"]
[EventType "swiss"]
[EventRounds "9"]
[EventCountry "ESP"]
[Source "lmi"]
[SourceDate "2011.07.12"]

1. Nf3 d5 2. d4 Nf6 3. c4 e6 4. g3 dxc4 5. Bg2 Nc6 6. Qa4 Nd7 7. Qxc4 Nb6 8.
Qd3 e5 9. O-O exd4 10. Rd1 Bc5 11. Na3 O-O 12. Bf4 Re8 13. Nb5 Re7 14. Rac1 a6
15. Nxc7 Nb4 16. Qd2 Rxc7 17. Bxc7 Qxc7 18. Qxb4 Bxb4 19. Rxc7 Bd6 20. Rcc1 Bg4
21. Rxd4 1-0